<?xml version="1.0" encoding="UTF-8"?>
<record
    xmlns:xsi="http://www.w3.org/2001/XMLSchema-instance"
    xsi:schemaLocation="http://www.loc.gov/MARC21/slim http://www.loc.gov/standards/marcxml/schema/MARC21slim.xsd"
    xmlns="http://www.loc.gov/MARC21/slim">

  <leader>02255nam a2200193 a 4500</leader>
  <controlfield tag="008">180524e2017    ag ||||g |||| 00| 1 spa d</controlfield>
  <datafield tag="020" ind1=" " ind2=" ">
    <subfield code="a">9789874599940</subfield>
  </datafield>
  <datafield tag="041" ind1=" " ind2=" ">
    <subfield code="a">spa</subfield>
  </datafield>
  <datafield tag="092" ind1=" " ind2=" ">
    <subfield code="c">808</subfield>
    <subfield code="l">15</subfield>
    <subfield code="s">DAN</subfield>
  </datafield>
  <datafield tag="100" ind1="1" ind2=" ">
    <subfield code="a">D'Angelo, Gast&#xF3;n.</subfield>
    <subfield code="9">4286</subfield>
  </datafield>
  <datafield tag="245" ind1=" " ind2=" ">
    <subfield code="a">Diecisiete minutos. </subfield>
    <subfield code="b">Relatos breves /</subfield>
    <subfield code="c">Gast&#xF3;n D'Angelo</subfield>
  </datafield>
  <datafield tag="250" ind1=" " ind2=" ">
    <subfield code="a">1a ed.</subfield>
  </datafield>
  <datafield tag="260" ind1=" " ind2=" ">
    <subfield code="a">Neuqu&#xE9;n:</subfield>
    <subfield code="b">Patagonia Activa;</subfield>
    <subfield code="c">2017.</subfield>
  </datafield>
  <datafield tag="300" ind1=" " ind2=" ">
    <subfield code="a">128 p.</subfield>
    <subfield code="c">21x15 cm.</subfield>
  </datafield>
  <datafield tag="500" ind1=" " ind2=" ">
    <subfield code="a">D'Angelo, G. (2017). Diecisiete minutos. Relatos breves. (1a ed.). Neuqu&#xE9;n : Patagonia Activa.</subfield>
  </datafield>
  <datafield tag="505" ind1=" " ind2=" ">
    <subfield code="a">Dicen los que saben que los buenos textos perduran. Y es lo que pas&#xF3; con los relatos de este libro: durante a&#xF1;os, y bajo la custodia de Carla (tambi&#xE9;n protagonista en varios de ellos), descansaron en un disco r&#xED;gido hasta que Gast&#xF3;n cedi&#xF3; a la presi&#xF3;n de publicarlos. De ah&#xED; hasta el paso siguiente: encendi&#xF3; la computadora y trabaj&#xF3; sobre los textos, del mismo modo que lo hacen quienes escriben libros, hasta que fueron lo que pretend&#xED;a. "17 minutos" tiene una gran virtud: cada relato fue escrito con simpleza. Y la simpleza, a veces torpemente menospreciada, realza los textos y los hace accesibles. As&#xED;, cualquiera, erudito/a, descamisado/a o imb&#xE9;cil, puede comprenderlos. Esta virtud, coloca al libro al alcance de todos y todas. Y eso, adem&#xE1;s, dice bastante del autor. Las historias son desopilantes y enternecedoras, en algunos casos, angustiantes y temerarias, en otros. Sin embargo, atrapan de principio a fin desde diferentes mundos: el de la ficci&#xF3;n, el de la realidad, el de la poes&#xED;a, el de la ficci&#xF3;n entrelazada con la realidad. Y en estos mundos hay escenarios particulares, sobre los que Gast&#xF3;n descubri&#xF3; cada historia: un lago en Bariloche, un bar y una iglesia en Rosario, un estudio jur&#xED;dico de Cipolletti, un subte en Buenos Aires, una casa de Neuqu&#xE9;n, entre otros. Todo esto, Gast&#xF3;n lo hizo con tres atributos que le dio la vida: disfruta escribir (el primero); lo hace muy bien a pesar de carecer de pergaminos que lo acrediten en el rubro, lo cual evidencia su talento (el segundo atributo); y siempre crey&#xF3; que el libro era posible y no se rindi&#xF3; hasta que existi&#xF3;, porque es peronista (el tercer atributo).  </subfield>
  </datafield>
  <datafield tag="655" ind1=" " ind2=" ">
    <subfield code="a">Literatura</subfield>
    <subfield code="9">2917</subfield>
  </datafield>
  <datafield tag="942" ind1=" " ind2=" ">
    <subfield code="2">ddc</subfield>
    <subfield code="c">LIT</subfield>
  </datafield>
  <datafield tag="999" ind1=" " ind2=" ">
    <subfield code="c">3229</subfield>
    <subfield code="d">3229</subfield>
  </datafield>
  <datafield tag="952" ind1=" " ind2=" ">
    <subfield code="0">0</subfield>
    <subfield code="1">0</subfield>
    <subfield code="2">ddc</subfield>
    <subfield code="4">0</subfield>
    <subfield code="7">0</subfield>
    <subfield code="a">BFM</subfield>
    <subfield code="b">BFM</subfield>
    <subfield code="c">CR</subfield>
    <subfield code="d">2024-12-12</subfield>
    <subfield code="e">Donaci&#xF3;n Diciembre 2024. Sede Tordos.</subfield>
    <subfield code="l">1</subfield>
    <subfield code="m">1</subfield>
    <subfield code="o">808 15 DAN</subfield>
    <subfield code="p">4970</subfield>
    <subfield code="r">2026-04-09</subfield>
    <subfield code="s">2025-12-03</subfield>
    <subfield code="t">Ej.1</subfield>
    <subfield code="w">2024-12-13</subfield>
    <subfield code="y">LIT</subfield>
    <subfield code="z">Donaci&#xF3;n Diciembre 2024. Sede Tordos.</subfield>
    <subfield code="f"></subfield>
  </datafield>
</record>
